| 000 | 00425 a2200109 4500 | ||
|---|---|---|---|
| 001 | ART_17289 | ||
| 005 | 20260410161923.0 | ||
| 008 | 260409a | ||
| 245 | 1 | 0 | _aShort-run and long-run effects of monetary and fiscal policies under flexible exchange rates and perfect capital movility |
| 100 | 1 | _aRodríguez, Carlos Alfredo | |
| 773 | 0 |
_tThe American Economic Review _g- Vol. 69, Nº 1 (mar. 1979) _wREV16190 |
|
| 999 |
_c27850 _d27850 |
||